Principales disposiciones legales sobre niñez y adolescencia en Costa Rica
Contiene: Ley Orgánica del Patronato Nacional de la Infancia N° 7648. Convención sobre los Derechos del Niño. Código de la Niñez y la Adolescencia. DOC
Bewaard in:
| Coauteur: | |
|---|---|
| Formaat: | Texto |
| Gepubliceerd in: |
San José:
PANI
|
| Onderwerpen: | |
| Tags: |
Voeg label toe
Geen labels, Wees de eerste die dit record labelt!
|
MARC
| LEADER | 00000 a a2200000 04500 | ||
|---|---|---|---|
| 001 | 18433 | ||
| 003 | |||
| 040 | |||
| 090 | |a 143100 | ||
| 110 | |a Patronato Nacional de la Infancia (CR) | ||
| 245 | |a Principales disposiciones legales sobre niñez y adolescencia en Costa Rica | ||
| 260 | |a San José: |b PANI | ||
| 300 | |a 125 p. | ||
| 520 | |a Contiene: Ley Orgánica del Patronato Nacional de la Infancia N° 7648. Convención sobre los Derechos del Niño. Código de la Niñez y la Adolescencia. DOC | ||
| 650 | |a DERECHOS DEL NIÑO | ||
| 650 | |a INFANCIA | ||
| 650 | |a ADOLESCENTES | ||
| 650 | |a LEGISLACION | ||
| 650 | |a JURISPRUDENCIA | ||
| 650 | |a LEY ORGANICA | ||
| 999 | |c 15755 |d 15755 | ||
